Solution d'un probléme d'Art (Record no. 107579)

MARC details
000 -LEADER
campo de control de longitud fija 00581nam a2200181 i 4500
001 - NÚMERO DE CONTROL
campo de control 107579
003 - IDENTIFICADOR DE NÚMERO DE CONTROL
campo de control ES-MaACL
005 - FECHA Y HORA DE LA ÚLTIMA TRANSACCIÓN
campo de control 20230906184441.0
007 - CAMPO FIJO DE DESCRIPCIÓN FÍSICA--INFORMACIÓN GENERAL
campo de control de longitud fija t|
008 - DATOS DE LONGITUD FIJA--INFORMACIÓN GENERAL
campo de control de longitud fija 061121s1908 po af |||| | fre d
100 1# - ENTRADA PRINCIPAL--NOMBRE DE PERSONA
Nombre de persona Moreira Freire, J.
9 (RLIN) 83227
245 10 - MENCIÓN DEL TÍTULO
Título Solution d'un probléme d'Art
Resto del título : peintures et patrie de Memling /
Mención de responsabilidad, etc. J, Moreira Freire.
246 30 - FORMA VARIANTE DEL TITULO
Título propio/Titulo breve Peintures et patrie de Memling
260 ## - PUBLICACIÓN, DISTRIBUCIÓN, ETC.
Lugar de publicación, distribución, etc. Lisbonne :
Nombre del editor, distribuidor, etc. [s.n.],
Fecha de publicación, distribución, etc. 1908 (
Fabricante Imp. Estevao Nunes & Filhos)
300 ## - DESCRIPCIÓN FÍSICA
Extensión 55 p., 14 lám. ;
Dimensiones 23 cm.
600 14 - PUNTO DE ACCESO ADICIONAL DE MATERIA--NOMBRE DE PERSONA
Nombre de persona Memling, Hans.
9 (RLIN) 150543
852 ## - LOCALIZACIÓN
Ubicación ES-MaACL
Número de control de estantería T-1175-F-4
Holdings
Estatus retirado Estado de pérdida Estado de daño No para préstamo Colección Biblioteca de origen Biblioteca actual Ubicación en estantería Fecha de adquisición Fuente de adquisición Total de préstamos Signatura topográfica completa Código de barras Visto por última vez Precio de reemplazo Tipo de ítem Koha
        Colección de folletos Biblioteca del Ateneo de Madrid Biblioteca del Ateneo de Madrid Depósito folletos 17/01/2008     T-1175-F-4 1112273 23/02/2023 23/02/2023 Folleto